New Zealand All Blacks 2011 Rugby World Cup Squad - Statistics

General Stats
  • This quiz has been taken 1,738 times
  • The average score is 20 of 33
Answer Stats
Hint Answer % Correct
1st 5 Daniel Carter
96%
Flanker Richie McCaw
94%
Centre Conrad Smith
87%
2nd 5 Ma'a Nonu
85%
Lock Sam Whitelock
77%
2nd 5 Sonny Bill Williams
77%
1st 5 Aaron Cruden
75%
Fullback Israel Dagg
75%
Hooker Keven Mealamu
75%
No 8 Kieran Read
75%
Prop Owen Franks
74%
Halfback Piri Weepu
74%
Prop BEN FRANKS
73%
Prop Tony Woodcock
73%
Lock Ali Williams
71%
Flanker Jerome Kaino
68%
1st 5 Stephen Donald
68%
1st 5 Colin Slade
59%
Wing Cory Jane
58%
Hooker Andrew Hore
57%
Lock Brad Thorn
53%
Centre/Wing Richard Kahui
50%
Halfback Andy Ellis
49%
Fullback Mils Muliaina
48%
Halfback Jimmy Cowan
44%
No 8 Victor Vito
42%
Wing Zac Guildford
33%
Hooker Corey Flynn
31%
Wing Hosea Gear
30%
Flanker Adam Thomson
28%
Prop John Afoa
26%
Lock Anthony Boric
24%
Fullback/Wing Isaia Toeava
24%
No matching quizzes found
Score Distribution
Percent of People with Each Score
Percentile by Number Answered
Your Score History
You have not taken this quiz